000 00804nam a2200265 a 4500
001 10590
003 BD-RjUL
005 20211208235000.0
008 140125r19621960enk 001 0 eng d
035 _a(BD-RjUL)10638
040 _aBD-RjUL
_beng
_cBD-RjUL
041 _aeng
082 0 4 _a541.39
_bGON 1962
100 1 _aGowan, J. E.
_932737
245 1 0 _aName index of organic reactions /
_cby J.E. Gowan and T.S. Wheeler
250 _a2nd ed.
260 _aLondon :
_bLongmans,
_c1960 [imression 1962].
300 _avii, 293 p ;
_c22 cm.
500 _aFirst ed published: Society of Chemical Industry, 1950
504 _aIncludes index.
650 0 _aChemical reactions
_929171
650 0 _aChemistry, Organic
_932738
700 1 _aWheeler, T. S.
_q(Thomas Sherlock)
_932739
942 _2ddc
_cBK
999 _c10590
_d10590